000 00505nam a2200181Ia 4500
005 20250317125417.0
008 008 250317s9999 xx 000 0 eng d
037 _aTextbook
040 _aFMSL
_beng
_cFMSL
041 _aeng
_2eng
084 _qFMSL
100 _aSharma A N
_950517
245 0 _aWomen and work : changing scenaris in India
260 _aDelhi
_bDelhi, B R Publications Corporation
_c1992
300 _a391p
942 _cTB
999 _c1259337
_d1259337